Modern encyclopaedia of educational supervision : principles of educational supervision :
| Format: | Book |
|---|---|
| Published: |
New Delhi :
Rajat Publications ,
2006
|
| Subjects: |
MARC
| LEADER | 00000cam a2200000 7i4500 | ||
|---|---|---|---|
| 001 | 0000036430 | ||
| 005 | 20130619.0 | ||
| 008 | 130619 | ||
| 020 | |a 8178801922 | ||
| 090 | 0 | 0 | |a 370 |b MOD |
| 245 | 1 | 0 | |a Modern encyclopaedia of educational supervision : |b principles of educational supervision : |b volume-5 |c edited by Sunil Chavan |
| 260 | |a New Delhi : |b Rajat Publications , |c 2006 | ||
| 650 | 0 | |a Education |x Management | |
| 999 | |a 0001027703 |b Book |c REFERENCE |e Perbadanan Perpustakaan Awam Johor | ||